| 000 | 01069nam0a22002651 4500 | ||
|---|---|---|---|
| 001 | rc\217236 | ||
| 005 | 20030307114516.1 | ||
| 010 |
_a5-09-007405-4 _950000 |
||
| 035 | _a(NLR Aleph) 005465546 | ||
| 090 |
_a4996674 _c4996674 |
||
| 100 | _a20030307d1996 u |0rusy50 ca | ||
| 101 | 0 | _arus | |
| 102 | _aRU | ||
| 105 | _aa ||||||||| | ||
| 200 | 1 |
_aРусский язык _eПроб. учеб. для 1-го кл. трехлет. нач. шк. _f[С.Ф. Жуйков, Л.М. Зеленина, Е.Г. Карлсен, Т.Е. Хохлова] _gПод ред. М.А. Мельникова |
|
| 210 |
_aМ. _cПросвещение _d1996 |
||
| 215 |
_a222, [1] с. _cил. _d22 |
||
| 300 | _aАвт. указаны на обороте тит. л. | ||
| 701 | 1 |
_aЖуйков _bС. Ф. _gСергей Федорович |
|
| 702 | 1 |
_aМельников _bМ. А. _cканд. пед. наук _f1888-1976 _gМихаил Алексеевич _3RU\NLR\AUTH\778103 _4340 |
|
| 801 | 0 |
_aRU _bNLR _gpsbo |
|
| 801 | 1 |
_aRU _bELAR _2rusmarc |
|
| 852 |
_aNLR _j96-5/1192 |
||
| 942 | _cBOOK | ||
| 980 | _aNB | ||